Dynasty ; a novel of Chicago's industrial evolution /

Bibliographic Details
Main Author: Sklovsky, Max, 1878-1967
Format: Book
Language:English
Published: [Chicago] : Americana House Publishers, [1958]

MARC

Tag First Indicator Second Indicator Subfields
LEADER 00000cam a2200000 4500
001 in00000025518
005 20151007062453.0
008 800701s1958 ilu 00001 eng
010 |a  58014483  
035 |a (OCoLC)06476740 
035 |9 AAD4976AM 
040 |a DLC  |c TXA  |d UtOrBLW 
049 |a TXAM  |c [308044] 
050 0 |a PZ4.S61972  |b Dy 
090 |a PS3537.K548  |b D95 1958 
092 |a 813  |b S6283d 
100 1 |a Sklovsky, Max,  |d 1878-1967. 
245 1 0 |a Dynasty ;  |b a novel of Chicago's industrial evolution /  |c by Max Sklovsky. 
264 1 |a [Chicago] :  |b Americana House Publishers,  |c [1958] 
264 4 |c ©1958 
300 |a 202 pages ;  |c 21 cm. 
336 |a text  |b txt  |2 rdacontent 
337 |a unmediated  |b n  |2 rdamedia 
338 |a volume  |b nc  |2 rdacarrier 
999 |a MARS 
999 f f |s 75f6884e-85bc-3a55-b7cd-ab0ef20f0e54  |i b2cd85aa-43ac-33c4-98bc-996b284c1643  |t 0 
952 f f |p ric  |a Texas A&M University  |b Rellis Campus  |c Joint Library Facility  |d Remote Storage  |t 0  |e PS3537.K548 D95 1958  |h Library of Congress classification  |i unmediated -- volume  |m A14801250891 
998 f f |a PS3537.K548 D95 1958  |t 0  |l Remote Storage